000 00280nam a2200133 a 4500
008 141008s2009|||| d
100 1 _aCohn, Werner
245 1 0 _aCikáni
260 _bSlon
_aPraha
_c2009
020 _c6,58
041 _aslo
044 _axo
_cSK
958 _aAPR
999 _c20468
_d20468